000 00476nam a2200181 4500
001 VA46445
003 ES-SlBCS
005 20210601160059.0
008 140520s1971 xxu||||| |||| 00| 0 spa d
041 _aspa
100 1 _aDenis, Henri
_94693
245 1 0 _aEl sacerdote del futuro
_cHenri Denis
260 _aMadrid :
_bStudium
_c, 1971
300 _a117 p.;
_c18 cm
500 _aTít. orig.: Le prêtre de demain
650 0 4 _aSacerdote-Renovación
_9386593
942 _cBK
999 _c825253
_d825253